header

Manufacturing science and technology (Record no. 209006)

MARC details
000 -LEADER
fixed length control field 01152nam a2200301Ia 4500
100 1# - MAIN ENTRY--AUTHOR NAME
Personal name Rao, K. Vara Prasada.
245 10 - TITLE STATEMENT
Title Manufacturing science and technology
250 ## - EDITION STATEMENT
Edition statement 2nd ed.
260 ## - PUBLICATION, DISTRIBUTION, ETC. (IMPRINT)
Place of publication New Delhi :
Name of publisher New Age International,
Year of publication c2009.
300 ## - PHYSICAL DESCRIPTION
Number of Pages xvi, 382 p. :
Other physical details ill.
500 ## - GENERAL NOTE
General note Includes index.
650 #0 - SUBJECT ADDED ENTRY--TOPICAL TERM
Topical Term Manufacturing processes.
Topical Term Machine-tools.
856 40 - ELECTRONIC LOCATION AND ACCESS
Uniform Resource Identifier http://site.ebrary.com/lib/rucke/Doc?id=10359395

No items available.

© 2026 Rongo University
Contact us: librarian | system librarian | Rongo university